000 00264nam a2200109Ia 4500
008 240625s9999 xx 000 0 und d
041 _aeng
082 _a657 BHA
100 _aBHATTACHARYYA S K
245 _aACCOUNTING FOR MANAGEMENT TEXT AND CASES
260 _c1996
999 _c38157
_d38157